000 00537nam a2200217Ia 4500
003 OSt
005 20220928145926.0
006 a|||||r|||| 00| 0
007 ta
008 220927b |||||||| |||| 00| 0 eng d
024 _a85634
037 _cTextual
040 _aSDCL
_cSDCL
_beng
041 _2eng
_aeng
082 _aX:75.2'P`, P2
100 _aMathur B L
_9407077
245 0 _aEconomic planning and development
260 _c2002
942 _hX:75.2'P`, P2
_cTEXL
_2CC
999 _c837872
_d837872